[Event "Amber-rapid 16th"]
[Site "Monte Carlo"]
[Date "2007.03.20"]
[Round "4"]
[White "Carlsen, Magnus"]
[Black "Aronian, Levon"]
[Result "1/2-1/2"]
[WhiteElo "2690"]
[BlackElo "2744"]
[PlyCount "143"]
[EventDate "2007.03.17"]
[EventType "tourn (rapid)"]
[EventRounds "11"]
[EventCountry "MNC"]
[EventCategory "20"]
[WhiteTeam "Germany"]
[BlackTeam "Germany"]
[WhiteTeamCountry "GER"]
[BlackTeamCountry "GER"]

1. d4 Nf6 2. c4 e6 3. g3 d5 4. Bg2 Bb4+ 5. Nd2 O-O 6. Ngf3 dxc4 7. Qc2 Nc6 8.
Qxc4 Qd5 9. O-O Bxd2 10. Qxd5 exd5 11. Bxd2 Re8 12. Rfe1 Nd8 13. Ne5 c6 14. f3
Nd7 15. Nd3 Ne6 16. Bc3 f5 17. Kf2 Nf6 18. h4 Nh5 19. e3 Nd8 20. Bf1 Nf7 21. a4
a6 22. Ba5 Re7 23. b4 Nd6 24. b5 Nc4 25. Bb4 Rc7 26. Ne5 Nxe5 27. dxe5 c5 28.
Rec1 c4 29. Bd6 Rf7 30. bxa6 Rxa6 31. a5 g6 32. Rcb1 Ng7 33. Rb5 Be6 34. Rab1
Ne8 35. Bc5 Nc7 36. Rxb7 Rxa5 37. Bd4 Na6 38. R7b6 Re7 39. Be2 Nc5 40. R6b5
Rxb5 41. Rxb5 Nb3 42. Bc3 Nc1 43. Rb8+ Kf7 44. Rb1 Nxe2 45. Kxe2 Ra7 46. Bd4
Rc7 47. Kd2 Bd7 48. Rb8 Rc8 49. Rb7 Ke6 50. Kc3 h5 51. Bb6 Rc6 52. f4 Rc8 53.
Ba5 Rc6 54. Kd4 Rc8 55. Bc3 Rc6 56. Rb5 Rc7 57. Rxd5 Kf7 58. Ba5 Rb7 59. Rd6
Be6 60. Rc6 Rd7+ 61. Kc5 Rd3 62. Bb4 Rd8 63. Rc7+ Rd7 64. Rc6 Rd8 65. Rb6 Rd3
66. Rb7+ Rd7 67. Rb8 Rd3 68. Rb7+ Rd7 69. Rxd7+ Bxd7 70. Kxc4 Ke6 71. Kd4 Bc6
72. Kc5 1/2-1/2

[Event "Amber-blindfold 16th"]
[Site "Monte Carlo"]
[Date "2007.03.20"]
[Round "4"]
[White "Aronian, Levon"]
[Black "Carlsen, Magnus"]
[Result "1-0"]
[WhiteElo "2744"]
[BlackElo "2690"]
[PlyCount "151"]
[EventDate "2007.03.17"]
[EventType "tourn (rapid)"]
[EventRounds "11"]
[EventCountry "MNC"]
[EventCategory "20"]
[WhiteTeam "Germany"]
[BlackTeam "Germany"]
[WhiteTeamCountry "GER"]
[BlackTeamCountry "GER"]

1. d4 Nf6 2. c4 c5 3. Nf3 cxd4 4. Nxd4 Nc6 5. Nc3 e6 6. g3 Qb6 7. Nf3 Bc5 8. e3
O-O 9. Bg2 Qa6 10. Qa4 Qxa4 11. Nxa4 Be7 12. O-O b6 13. b3 Bb7 14. Nc3 Na5 15.
Ne5 Bxg2 16. Kxg2 Nc6 17. Nf3 Rfd8 18. Rd1 a6 19. Bb2 Rab8 20. Rac1 b5 21. Ne2
Kf8 22. Ned4 Nxd4 23. Nxd4 Rdc8 24. cxb5 Rxc1 25. Rxc1 axb5 26. a3 Ne8 27. e4
f6 28. f4 Nd6 29. Kf3 Nb7 30. Rc2 Kf7 31. Bc1 Nc5 32. b4 e5 33. Nf5 Ne6 34. Bb2
exf4 35. gxf4 Bf8 36. Ne3 Ra8 37. h4 Bd6 38. f5 Nd8 39. Rd2 Ra6 40. Rd5 Rb6 41.
Bd4 Ra6 42. Bb2 Rb6 43. h5 h6 44. Ng4 Ke7 45. e5 fxe5 46. Nxe5 Bxe5 47. Bxe5
Kf8 48. Rxd7 Nf7 49. Bb2 Rd6 50. Rxd6 Nxd6 51. Kf4 Kf7 52. Bc3 Nc4 53. Ke4 Nxa3
54. Kd5 Nc4 55. Bd4 Na3 56. Kc5 Nc2 57. Bb2 Ne3 58. Kxb5 Nxf5 59. Kc6 Ne7+ 60.
Kd6 g6 61. hxg6+ Nxg6 62. b5 Ne7 63. Bc1 h5 64. Bg5 Nf5+ 65. Kc7 Ke6 66. b6 Nd6
67. Bf4 Nb5+ 68. Kc8 Kd5 69. b7 Na7+ 70. Kc7 Nc6 71. Bg3 Kc5 72. Bd6+ Kd5 73.
Be7 h4 74. Bxh4 Nb4 75. Kb6 Nc6 76. Bg3 1-0

[Event "Amber-rapid 16th"]
[Site "Monte Carlo"]
[Date "2007.03.19"]
[Round "3"]
[White "Svidler, Peter"]
[Black "Carlsen, Magnus"]
[Result "1/2-1/2"]
[WhiteElo "2728"]
[BlackElo "2690"]
[PlyCount "62"]
[EventDate "2007.03.17"]
[EventType "tourn (rapid)"]
[EventRounds "11"]
[EventCountry "MNC"]
[EventCategory "20"]
[WhiteTeam "Germany"]
[BlackTeam "Germany"]
[WhiteTeamCountry "GER"]
[BlackTeamCountry "GER"]

1. e4 e5 2. Nf3 Nc6 3. Bb5 a6 4. Ba4 Nf6 5. O-O Nxe4 6. d4 b5 7. Bb3 d5 8. dxe5
Be6 9. Be3 Be7 10. c3 Nc5 11. Bc2 Nd7 12. Re1 Ndxe5 13. Nxe5 Nxe5 14. Bd4 f6
15. a4 b4 16. cxb4 Bf7 17. Nc3 O-O 18. b5 axb5 19. axb5 Rxa1 20. Qxa1 c5 21.
bxc6 Nxc6 22. Qa4 Nxd4 23. Qxd4 Bd6 24. Qd3 g6 25. g3 Be5 26. Bb3 Qa5 27. Rd1
Bxc3 28. bxc3 Rc8 29. Bxd5 Qxd5 30. Qxd5 Bxd5 31. Rxd5 Rxc3 1/2-1/2

[Event "Amber-blindfold 16th"]
[Site "Monte Carlo"]
[Date "2007.03.19"]
[Round "3"]
[White "Carlsen, Magnus"]
[Black "Svidler, Peter"]
[Result "1/2-1/2"]
[WhiteElo "2690"]
[BlackElo "2728"]
[PlyCount "103"]
[EventDate "2007.03.17"]
[EventType "tourn (rapid)"]
[EventRounds "11"]
[EventCountry "MNC"]
[EventCategory "20"]
[WhiteTeam "Germany"]
[BlackTeam "Germany"]
[WhiteTeamCountry "GER"]
[BlackTeamCountry "GER"]

1. Nf3 d6 2. d4 Bg4 3. e4 Nf6 4. Nc3 e6 5. h3 Bh5 6. g4 Bg6 7. Qe2 c6 8. Bg2 d5
9. exd5 cxd5 10. Ne5 Nc6 11. Nxg6 hxg6 12. g5 Nd7 13. Bxd5 Nxd4 14. Qe4 Bc5 15.
Bd2 O-O 16. Bb3 Bb6 17. O-O-O Nc5 18. Qg4 Qc8 19. Be3 Ncxb3+ 20. axb3 Nf5 21.
Rd3 Rd8 22. Rhd1 Rxd3 23. Rxd3 Qc6 24. Qe4 Nxe3 25. Qxc6 bxc6 26. fxe3 Kf8 27.
b4 Ke7 28. Na4 Rh8 29. Nxb6 axb6 30. Ra3 Rxh3 31. Ra7+ Kd6 32. Rxf7 Rg3 33.
Rxg7 Rxg5 34. Kd2 Rg4 35. b5 cxb5 36. Kd3 Rg5 37. Rb7 Rd5+ 38. Ke4 Kc5 39. Re7
Rd2 40. Rxe6 Rxc2 41. Rxg6 Rxb2 42. Kd3 Rb3+ 43. Kd2 b4 44. Kc2 Rxe3 45. Kb2
Kb5 46. Rg8 Rh3 47. Rf8 b3 48. Rf5+ Ka4 49. Rf4+ Ka5 50. Rf5+ b5 51. Rf4 b4 52.
Rf8 1/2-1/2

[Event "Amber-blindfold 16th"]
[Site "Monte Carlo"]
[Date "2007.03.18"]
[Round "2"]
[White "Vallejo Pons, Francisco"]
[Black "Carlsen, Magnus"]
[Result "1-0"]
[WhiteElo "2679"]
[BlackElo "2690"]
[PlyCount "85"]
[EventDate "2007.03.17"]
[EventType "tourn (rapid)"]
[EventRounds "11"]
[EventCountry "MNC"]
[EventCategory "20"]
[WhiteTeam "Germany"]
[BlackTeam "Germany"]
[WhiteTeamCountry "GER"]
[BlackTeamCountry "GER"]

1. Nf3 Nf6 2. c4 b6 3. d4 e6 4. g3 Bb4+ 5. Nbd2 Bb7 6. Bg2 c5 7. a3 Bxd2+ 8.
Qxd2 cxd4 9. Qxd4 Nc6 10. Qd3 Ne5 11. Qd4 Nxf3+ 12. exf3 Rc8 13. Be3 Ba6 14.
Rc1 O-O 15. b4 d5 16. b5 Bb7 17. f4 Ba8 18. O-O Rxc4 19. Rxc4 dxc4 20. Qxc4
Bxg2 21. Kxg2 Qa8+ 22. Kg1 Rc8 23. Qa4 h5 24. Bd4 Qe4 25. Qa6 Qa8 26. Bxf6 gxf6
27. Qa4 Rc5 28. h4 Kg7 29. Rb1 Qb7 30. Qd4 Qf3 31. Qa4 Qd3 32. Rd1 Qf3 33. Rb1
Kg6 34. Qxa7 Qe4 35. Rf1 Rxb5 36. Qe7 Kg7 37. Qd6 Rb2 38. Qd1 Kg6 39. Qd8 Qf3
40. Qg8+ Kf5 41. Qxf7 Kg4 42. Qxe6+ f5 43. Qg6+ 1-0

[Event "Amber-rapid 16th"]
[Site "Monte Carlo"]
[Date "2007.03.18"]
[Round "2"]
[White "Carlsen, Magnus"]
[Black "Vallejo Pons, Francisco"]
[Result "1/2-1/2"]
[WhiteElo "2690"]
[BlackElo "2679"]
[PlyCount "216"]
[EventDate "2007.03.17"]
[EventType "tourn (rapid)"]
[EventRounds "11"]
[EventCountry "MNC"]
[EventCategory "20"]
[WhiteTeam "Germany"]
[BlackTeam "Germany"]
[WhiteTeamCountry "GER"]
[BlackTeamCountry "GER"]

1. d4 d5 2. c4 c6 3. Nf3 Nf6 4. Nc3 e6 5. g3 Nbd7 6. Bg2 dxc4 7. a4 a5 8. O-O
Bd6 9. Qc2 O-O 10. Rd1 Qe7 11. Nd2 Nb6 12. Nce4 Nxe4 13. Nxe4 Bb4 14. Bf4 f6
15. Rac1 Bd7 16. Nd2 Be8 17. Nxc4 Nxc4 18. Qxc4 Bf7 19. Qc2 Bg6 20. Qb3 Bf7 21.
Qc2 Bg6 22. Qc4 Bf7 23. Be3 Rfd8 24. h4 Rd7 25. Be4 f5 26. Bg2 e5 27. Qc2 e4
28. Bf1 Qe6 29. Bf4 Qb3 30. e3 Qxc2 31. Rxc2 Bb3 32. Bc4+ Bxc4 33. Rxc4 Rd5 34.
h5 Rad8 35. Rdc1 Be7 36. Kg2 g5 37. hxg6 hxg6 38. Rh1 Bf6 39. b4 axb4 40. Rxb4
g5 41. Bc7 R8d7 42. Bb8 c5 43. dxc5 Rxc5 44. Rhb1 Ra5 45. Rxb7 Rxb7 46. Rxb7
Rxa4 47. Rb5 Kf7 48. Rxf5 Ke6 49. g4 Rb4 50. Bg3 Rc4 51. Rb5 Ra4 52. Rb6+ Kf7
53. Bd6 Rc4 54. Ra6 Kg7 55. Ra5 Kf7 56. Be5 Bxe5 57. Rxe5 Kf6 58. Rf5+ Kg6 59.
Rf8 Kg7 60. Rd8 Kf6 61. Rd6+ Kf7 62. Ra6 Rb4 63. Ra1 Kf6 64. Kf1 Ke6 65. Ra6+
Kf7 66. Ra5 Kf6 67. Rf5+ Kg6 68. Rd5 Rb1+ 69. Kg2 Rb8 70. Rd6+ Kf7 71. Rd4 Re8
72. Kf1 Kf6 73. Ke2 Ke5 74. Ra4 Rb8 75. Ra5+ Kf6 76. Ra6+ Kf7 77. Ra4 Re8 78.
Kd2 Kg6 79. Ra6+ Kg7 80. Ra4 Kg6 81. Kc3 Rf8 82. Ra6+ Kh7 83. Ra2 Rd8 84. Ra7+
Kg6 85. Ra6+ Kg7 86. Re6 Rf8 87. Kd4 Rxf2 88. Kxe4 Rf1 89. Ra6 Rf2 90. Re6 Rf1
91. Ke5 Rf3 92. Kd5 Rg3 93. Re4 Kf6 94. Kd6 Kf7 95. Kd7 Rg1 96. Kd6 Rg3 97. Ke5
Rf3 98. Kd5 Rg3 99. Kd4 Kf6 100. Kd3 Rg2 101. Ra4 Kf7 102. Rd4 Kf6 103. Kc4 Ke5
104. Kd3 Kf6 105. Re4 Kf7 106. Kd4 Kf6 107. Kd5 Rg3 108. Kd6 Kf7 1/2-1/2

[Event "Amber-blindfold 16th"]
[Site "Monte Carlo"]
[Date "2007.03.17"]
[Round "1"]
[White "Gelfand, Boris"]
[Black "Carlsen, Magnus"]
[Result "1/2-1/2"]
[WhiteElo "2733"]
[BlackElo "2690"]
[PlyCount "45"]
[EventDate "2007.03.17"]
[EventType "tourn (rapid)"]
[EventRounds "11"]
[EventCountry "MNC"]
[EventCategory "20"]
[WhiteTeam "Germany"]
[BlackTeam "Germany"]
[WhiteTeamCountry "GER"]
[BlackTeamCountry "GER"]

1. Nf3 Nf6 2. c4 b6 3. d4 e6 4. g3 Ba6 5. Qc2 Bb7 6. Bg2 c5 7. d5 exd5 8. cxd5
Nxd5 9. O-O Be7 10. Rd1 Qc8 11. Nh4 Bxh4 12. Rxd5 Be7 13. Nc3 Nc6 14. Bf4 Nb4
15. Qf5 Nxd5 16. Nxd5 Bxd5 17. Bxd5 O-O 18. Rd1 d6 19. Qe4 Re8 20. Qf3 Rf8 21.
Qe4 Re8 22. Qf3 Rf8 23. Qe4 1/2-1/2

[Event "Morelia/Linares 24th"]
[Site "Morelia/Linares"]
[Date "2007.03.07"]
[Round "12"]
[White "Topalov, Veselin"]
[Black "Carlsen, Magnus"]
[Result "1/2-1/2"]
[WhiteElo "2783"]
[BlackElo "2690"]
[PlyCount "49"]
[EventDate "2007.02.17"]
[EventType "tourn"]
[EventRounds "14"]
[EventCountry "ESP"]
[EventCategory "20"]
[WhiteTeam "Germany"]
[BlackTeam "Germany"]
[WhiteTeamCountry "GER"]
[BlackTeamCountry "GER"]

1. Nf3 Nf6 2. c4 b6 3. g3 c5 4. Bg2 Bb7 5. O-O e6 6. Nc3 Be7 7. Re1 d5 8. d4
dxc4 9. dxc5 Bxc5 10. Qa4+ Nbd7 11. Qxc4 O-O 12. Rd1 Rc8 13. Qh4 Be7 14. Qh3
Qe8 15. Nd4 Bxg2 16. Qxg2 Ne5 17. Qb7 Bc5 18. Bg5 Nfg4 19. h3 Nc6 20. hxg4 Bxd4
21. Nb5 Rb8 22. Qc7 Rc8 23. Qb7 Rb8 24. Qc7 Rc8 25. Qb7 1/2-1/2

[Event "Morelia/Linares 24th"]
[Site "Morelia/Linares"]
[Date "2007.03.02"]
[Round "8"]
[White "Morozevich, Alexander"]
[Black "Carlsen, Magnus"]
[Result "1/2-1/2"]
[WhiteElo "2741"]
[BlackElo "2690"]
[PlyCount "83"]
[EventDate "2007.02.17"]
[EventType "tourn"]
[EventRounds "14"]
[EventCountry "ESP"]
[EventCategory "20"]
[WhiteTeam "Germany"]
[BlackTeam "Germany"]
[WhiteTeamCountry "GER"]
[BlackTeamCountry "GER"]

1. e4 e5 2. Nf3 Nc6 3. Bb5 a6 4. Ba4 Nf6 5. O-O Nxe4 6. d4 b5 7. Bb3 d5 8. dxe5
Be6 9. c3 Be7 10. Nbd2 Nc5 11. a4 Nxb3 12. Qxb3 O-O 13. axb5 axb5 14. Rxa8 Qxa8
15. Qxb5 Rd8 16. Qd3 Qb7 17. Nd4 Nxe5 18. Qe2 Bf6 19. Nxe6 fxe6 20. f4 Qb6+ 21.
Kh1 Nf7 22. Nf3 c5 23. g4 Re8 24. g5 Bd8 25. f5 e5 26. c4 Qa6 27. Re1 e4 28.
cxd5 Qxe2 29. Rxe2 Nd6 30. Nh4 h6 31. Bf4 Nb5 32. d6 Nd4 33. Rg2 Bxg5 34. Bxg5
hxg5 35. Rxg5 Kf7 36. Rg3 Nb5 37. Rg6 Rd8 38. Re6 Nxd6 39. Re5 c4 40. Rd5 Kf6
41. Ng2 Ke7 42. Ne3 1/2-1/2

[Event "Morelia/Linares 24th"]
[Site "Morelia/Linares"]
[Date "2007.02.25"]
[Round "7"]
[White "Svidler, Peter"]
[Black "Carlsen, Magnus"]
[Result "1/2-1/2"]
[WhiteElo "2728"]
[BlackElo "2690"]
[PlyCount "53"]
[EventDate "2007.02.17"]
[EventType "tourn"]
[EventRounds "14"]
[EventCountry "ESP"]
[EventCategory "20"]
[WhiteTeam "Germany"]
[BlackTeam "Germany"]
[WhiteTeamCountry "GER"]
[BlackTeamCountry "GER"]

1. e4 c5 2. Nf3 Nc6 3. Nc3 g6 4. d4 cxd4 5. Nxd4 Bg7 6. Be3 Nf6 7. Bc4 O-O 8.
Bb3 e6 9. O-O d5 10. exd5 Nxd5 11. Nxd5 exd5 12. c3 Na5 13. Qd3 Nxb3 14. axb3
a6 15. Qd2 Re8 16. Rfe1 Bd7 17. Nc2 Bc6 18. Bd4 f6 19. Rxe8+ Qxe8 20. h3 Qf7
21. Nb4 Bf8 22. Nxc6 bxc6 23. b4 Bd6 24. b5 cxb5 25. Bxf6 a5 26. Bd4 Qf4 27.
Qxf4 1/2-1/2

[Event "Morelia/Linares 24th"]
[Site "Morelia/Linares"]
[Date "2007.02.18"]
[Round "2"]
[White "Aronian, Levon"]
[Black "Carlsen, Magnus"]
[Result "1/2-1/2"]
[WhiteElo "2744"]
[BlackElo "2690"]
[PlyCount "62"]
[EventDate "2007.02.17"]
[EventType "tourn"]
[EventRounds "14"]
[EventCountry "ESP"]
[EventCategory "20"]
[WhiteTeam "Germany"]
[BlackTeam "Germany"]
[WhiteTeamCountry "GER"]
[BlackTeamCountry "GER"]

1. d4 Nf6 2. c4 e6 3. g3 d5 4. Nf3 dxc4 5. Bg2 a6 6. O-O Nc6 7. e3 Bd7 8. Qe2
b5 9. Rd1 Be7 10. Nc3 O-O 11. Ne5 Qe8 12. b3 Nd5 13. Bxd5 exd5 14. Nxd5 Nxe5
15. dxe5 Ra7 16. bxc4 c6 17. Nf4 Qc8 18. Bb2 g5 19. e4 gxf4 20. gxf4 f5 21. Qe3
Rb7 22. Qg3+ Kf7 23. Qh3 Ke8 24. Qh5+ Rf7 25. Kh1 fxe4 26. Rg1 Bf5 27. Rad1 Rd7
28. e6 Bxe6 29. Rg8+ Bf8 30. Rxf8+ Kxf8 31. Qh6+ Ke7 1/2-1/2

[Event "Bundesliga 0607"]
[Site "Germany"]
[Date "2006.12.08"]
[Round "7.2"]
[White "Stocek, Jiri"]
[Black "Carlsen, Magnus"]
[Result "1/2-1/2"]
[WhiteElo "2572"]
[BlackElo "2698"]
[PlyCount "67"]
[EventDate "2006.10.28"]
[EventType "team"]
[EventRounds "15"]
[EventCountry "GER"]
[WhiteTeam "Bann"]
[BlackTeam "Baden-Baden"]
[WhiteTeamCountry "GER"]
[BlackTeamCountry "GER"]

1. d4 Nf6 2. c4 e6 3. Nc3 Bb4 4. Nf3 d5 5. cxd5 exd5 6. Bg5 O-O 7. e3 c5 8.
dxc5 Nbd7 9. Rc1 Qa5 10. Nd2 Qxc5 11. a3 Bxc3 12. Rxc3 Qb6 13. Rb3 Qe6 14. Be2
Nc5 15. Rb4 Nfe4 16. Nxe4 dxe4 17. O-O Qg6 18. Qd5 Nd3 19. Rd4 Nxb2 20. Rb1 Nd3
21. h4 h6 22. Be7 Re8 23. Bh5 Be6 24. Bxg6 Bxd5 25. Rxd5 Rxe7 26. Bxe4 Nxf2 27.
Kxf2 Rxe4 28. Rxb7 Rxh4 29. Rdd7 Ra4 30. Kg3 Rxa3 31. Rxf7 Rxe3+ 32. Kf2 Re6
33. Rxg7+ Kh8 34. Rh7+ 1/2-1/2

[Event "Cap d'Agde KO"]
[Site "Cap d'Agde"]
[Date "2006.11.01"]
[Round "2.1"]
[White "Karjakin, Sergey"]
[Black "Carlsen, Magnus"]
[Result "1/2-1/2"]
[WhiteElo "2672"]
[BlackElo "2698"]
[PlyCount "141"]
[EventDate "2006.10.30"]
[EventType "k.o. (rapid)"]
[EventRounds "3"]
[EventCountry "FRA"]
[WhiteTeam "Germany"]
[BlackTeam "Germany"]
[WhiteTeamCountry "GER"]
[BlackTeamCountry "GER"]

1. e4 c5 2. Nf3 Nc6 3. d4 cxd4 4. Nxd4 Nf6 5. Nc3 e5 6. Ndb5 d6 7. Bg5 a6 8.
Na3 b5 9. Nd5 Be7 10. Bxf6 Bxf6 11. c3 Bg5 12. Nc2 O-O 13. a4 bxa4 14. Rxa4 a5
15. Bc4 Kh8 16. O-O Rb8 17. b4 Bd7 18. Ra2 axb4 19. Ncxb4 Nxb4 20. cxb4 f5 21.
exf5 Bxf5 22. Qb3 Be6 23. b5 Qc8 24. Ra6 Qc5 25. Rc6 Qxc6 26. bxc6 Rxb3 27.
Bxb3 Rc8 28. f4 exf4 29. Re1 Bxd5 30. Bxd5 g6 31. Re6 Kg7 32. Rxd6 Rc7 33. Kf2
Be7 34. Re6 Kf8 35. Kf3 Bd8 36. Re4 Re7 37. Rxf4+ Kg7 38. h3 Bc7 39. Rb4 Kf6
40. Be4 Bd6 41. Ra4 Bc7 42. Ke3 Re5 43. Kd3 Ra5 44. Rb4 Ke5 45. Bf3 Rc5 46.
Re4+ Kf6 47. Rd4 Be5 48. Rd7 Rc3+ 49. Kd2 h5 50. Bd5 h4 51. Rf7+ Kg5 52. Re7
Bf6 53. Re8 Rc5 54. Bf3 Be5 55. Rf8 Bd6 56. Rf7 Be5 57. Kd3 Rc3+ 58. Ke4 Rc5
59. Rh7 Kf6 60. Kd3 g5 61. Be4 Ke6 62. Rh6+ Bf6 63. Bf3 Rc3+ 64. Kd2 Rc5 65.
Rh7 Be5 66. Rd7 Kf6 67. Bd5 Kf5 68. Rf7+ Kg6 69. Rd7 Kf5 70. Bf3 Ke6 71. Bg4+
1/2-1/2

[Event "Cap d'Agde KO"]
[Site "Cap d'Agde"]
[Date "2006.11.01"]
[Round "2.2"]
[White "Carlsen, Magnus"]
[Black "Karjakin, Sergey"]
[Result "0-1"]
[WhiteElo "2698"]
[BlackElo "2672"]
[PlyCount "100"]
[EventDate "2006.10.30"]
[EventType "k.o. (rapid)"]
[EventRounds "3"]
[EventCountry "FRA"]
[WhiteTeam "Germany"]
[BlackTeam "Germany"]
[WhiteTeamCountry "GER"]
[BlackTeamCountry "GER"]

1. e4 c5 2. Nf3 d6 3. d4 cxd4 4. Nxd4 Nf6 5. Nc3 a6 6. Be3 e5 7. Nf3 Be7 8. Bc4
O-O 9. O-O Be6 10. Bb3 Nc6 11. Qe2 Na5 12. Rfd1 Nxb3 13. cxb3 Qe8 14. Ne1 Ng4
15. Nc2 f5 16. f3 Nxe3 17. Nxe3 fxe4 18. Nxe4 Rd8 19. Nd5 Qf7 20. Qd3 Bxd5 21.
Qxd5 Qxd5 22. Rxd5 Kf7 23. Rad1 Ke6 24. b4 Rc8 25. b5 Rc2 26. bxa6 bxa6 27. Ra5
Rb8 28. b3 Rb6 29. Kf1 Rbc6 30. h3 h5 31. Rd3 g5 32. Rd2 Rxd2 33. Nxd2 d5 34.
Ra4 a5 35. Ke2 Bd8 36. Kd3 Rc1 37. b4 axb4 38. Rxb4 Rg1 39. g4 Rg3 40. Rb8 e4+
41. Ke2 Rg2+ 42. Kf1 Rxd2 43. Rxd8 hxg4 44. hxg4 exf3 45. Re8+ Kd6 46. Rf8 Rxa2
47. Rf5 Ke6 48. Rxg5 d4 49. Rf5 d3 50. Ke1 Re2+ 0-1

[Event "Cap d'Agde-B"]
[Site "Cap d'Agde"]
[Date "2006.10.28"]
[Round "5"]
[White "Koneru, Humpy"]
[Black "Carlsen, Magnus"]
[Result "1/2-1/2"]
[WhiteElo "2545"]
[BlackElo "2698"]
[PlyCount "112"]
[EventDate "2006.10.27"]
[EventType "tourn (rapid)"]
[EventRounds "7"]
[EventCountry "FRA"]
[EventCategory "14"]
[WhiteTeam "United States"]
[BlackTeam "Norway"]
[WhiteTeamCountry "USA"]
[BlackTeamCountry "NOR"]

1. d4 Nf6 2. Nf3 e6 3. c4 d5 4. Nc3 Bb4 5. cxd5 exd5 6. Bg5 O-O 7. e3 c5 8.
dxc5 Nbd7 9. Be2 Qa5 10. O-O Bxc3 11. bxc3 Ne4 12. Qxd5 Nxc3 13. Qc4 b5 14. Qd3
Nxc5 15. Qc2 Bb7 16. Rfc1 b4 17. Be7 Rfe8 18. Bxc5 Qxc5 19. Nd4 Rac8 20. Bf1 a5
21. a3 h6 22. axb4 axb4 23. Qb2 Bd5 24. h3 Ra8 25. Nc2 Rxa1 26. Rxa1 b3 27. Nd4
Qb4 28. Nc2 Qc5 29. Nd4 Rb8 30. Rc1 Rc8 31. Kh1 Qa5 32. Bd3 g6 33. e4 Bxe4 34.
Bxe4 Qb4 35. Qxb3 Qxd4 36. Bxg6 Qxf2 37. Bh5 Rc5 38. Bxf7+ Qxf7 39. Rxc3 Qxb3
40. Rxb3 Kg7 41. Kh2 Rc2 42. Rb6 Ra2 43. Kg3 Ra3+ 44. Kh4 Ra4+ 45. Kg3 Ra3+ 46.
Kh2 Ra2 47. Rb3 Kg6 48. Kg3 Rc2 49. Kf3 Ra2 50. g4 h5 51. Rb6+ Kg7 52. g5 Ra3+
53. Kg2 h4 54. Rb4 Rg3+ 55. Kh2 Rxg5 56. Rxh4 Ra5 1/2-1/2

[Event "Cap d'Agde-B"]
[Site "Cap d'Agde"]
[Date "2006.10.27"]
[Round "1"]
[White "Karpov, Anatoly"]
[Black "Carlsen, Magnus"]
[Result "1/2-1/2"]
[WhiteElo "2668"]
[BlackElo "2698"]
[PlyCount "59"]
[EventDate "2006.10.27"]
[EventType "tourn (rapid)"]
[EventRounds "7"]
[EventCountry "FRA"]
[EventCategory "14"]
[WhiteTeam "United States"]
[BlackTeam "Norway"]
[WhiteTeamCountry "USA"]
[BlackTeamCountry "NOR"]

1. Nf3 Nf6 2. c4 c5 3. g3 g6 4. Bg2 Bg7 5. O-O Nc6 6. d4 cxd4 7. Nxd4 O-O 8.
Nc3 Ng4 9. e3 d6 10. h3 Nge5 11. b3 Nxd4 12. exd4 Nc6 13. Be3 Bd7 14. Qd2 Qa5
15. Rfd1 Rac8 16. Rac1 Rfe8 17. d5 Nb4 18. Nb1 b6 19. a3 Na6 20. b4 Qa4 21. Bd4
Bxd4 22. Qxd4 b5 23. Qxa7 Nc5 24. Qxa4 Nxa4 25. cxb5 Nb2 26. Re1 Nd3 27. Rxc8
Rxc8 28. Rd1 Nb2 29. Re1 Nd3 30. Rd1 1/2-1/2

[Event "Cap d'Agde-B"]
[Site "Cap d'Agde"]
[Date "2006.10.27"]
[Round "2"]
[White "Carlsen, Magnus"]
[Black "Volokitin, Andrei"]
[Result "1/2-1/2"]
[WhiteElo "2698"]
[BlackElo "2645"]
[PlyCount "82"]
[EventDate "2006.10.27"]
[EventType "tourn (rapid)"]
[EventRounds "7"]
[EventCountry "FRA"]
[EventCategory "14"]
[WhiteTeam "United States"]
[BlackTeam "Norway"]
[WhiteTeamCountry "USA"]
[BlackTeamCountry "NOR"]

1. d4 Nf6 2. c4 d6 3. Nf3 g6 4. Nc3 Bf5 5. g3 Ne4 6. Nd2 Nxc3 7. bxc3 c5 8. Bg2
Nc6 9. Nb3 Bg7 10. O-O O-O 11. Be3 Na5 12. Nxa5 Qxa5 13. Bxb7 Rab8 14. Bf3 Qxc3
15. Rc1 Qa5 16. dxc5 dxc5 17. Qd2 Qxd2 18. Bxd2 Rb2 19. Be3 Rc8 20. a4 Ra2 21.
Bb7 Rc7 22. Bf3 Rxa4 23. g4 Be6 24. Rfd1 Rc8 25. Bb7 Rb8 26. Bf3 Ra5 27. Bf4
Rc8 28. h3 Bb2 29. Rb1 Bc3 30. Bb7 Rf8 31. Bd5 Bxd5 32. Rxd5 Bb4 33. Rbd1 f6
34. Rd7 Re8 35. Rc7 Ra2 36. e3 a5 37. Rdd7 Be1 38. Rxe7 Bxf2+ 39. Kf1 Rxe7 40.
Rxe7 Bh4 41. Bh6 Bg5 1/2-1/2

[Event "Wch Blitz"]
[Site "Rishon Le Ziyyon"]
[Date "2006.09.07"]
[Round "15"]
[White "Grischuk, Alexander"]
[Black "Carlsen, Magnus"]
[Result "1-0"]
[WhiteElo "2709"]
[BlackElo "2675"]
[PlyCount "67"]
[EventDate "2006.09.07"]
[EventType "tourn (blitz)"]
[EventRounds "15"]
[EventCountry "ISR"]
[EventCategory "16"]
[WhiteTeam "United States"]
[BlackTeam "Norway"]
[WhiteTeamCountry "USA"]
[BlackTeamCountry "NOR"]

1. e4 c5 2. Nf3 Nc6 3. Bb5 e6 4. c3 d5 5. Bxc6+ bxc6 6. Qa4 Nf6 7. e5 Nd7 8. d3
Qb6 9. O-O Ba6 10. c4 Be7 11. Qc2 O-O 12. b3 f6 13. exf6 Bxf6 14. Nc3 Rae8 15.
Re1 Bxc3 16. Qxc3 d4 17. Qc2 e5 18. Bd2 Bc8 19. Re2 e4 20. Rxe4 Rxe4 21. dxe4
Qd8 22. Qd3 Qe7 23. Re1 Nf6 24. h3 Be6 25. Re2 Nd7 26. Bc1 h6 27. Nh2 Ne5 28.
Qg3 Qf6 29. f4 Nd7 30. f5 d3 31. Qxd3 Ne5 32. Qg3 Bxf5 33. exf5 Qxf5 34. Qxe5
1-0

[Event "Wch Blitz"]
[Site "Rishon Le Ziyyon"]
[Date "2006.09.07"]
[Round "4"]
[White "Gelfand, Boris"]
[Black "Carlsen, Magnus"]
[Result "1-0"]
[WhiteElo "2729"]
[BlackElo "2675"]
[PlyCount "145"]
[EventDate "2006.09.07"]
[EventType "tourn (blitz)"]
[EventRounds "15"]
[EventCountry "ISR"]
[EventCategory "16"]
[WhiteTeam "United States"]
[BlackTeam "Norway"]
[WhiteTeamCountry "USA"]
[BlackTeamCountry "NOR"]

1. Nf3 Nf6 2. c4 c5 3. g3 Nc6 4. d4 cxd4 5. Nxd4 g6 6. Bg2 Bg7 7. O-O O-O 8.
Nc3 Nxd4 9. Qxd4 d6 10. Qd3 a6 11. Bg5 Rb8 12. Rac1 Bf5 13. e4 Be6 14. b3 h6
15. Bd2 Kh7 16. Rfd1 Ng4 17. h3 Ne5 18. Qe2 Nc6 19. Be3 Qd7 20. Kh2 Rfc8 21.
Nd5 Bxd5 22. exd5 Nd8 23. Bb6 f5 24. c5 dxc5 25. Bxc5 Bf6 26. d6 e6 27. Bb6
Rxc1 28. Rxc1 Nc6 29. Bc7 Ra8 30. Bxc6 bxc6 31. Qc4 Kg7 32. Qxc6 Qxc6 33. Rxc6
Kf7 34. d7 Bd8 35. b4 Ke7 36. Bxd8+ Rxd8 37. Rxa6 Rxd7 38. b5 Rd2 39. Kg2 g5
40. a4 Rb2 41. b6 e5 42. a5 e4 43. Kf1 f4 44. gxf4 gxf4 45. Ra7+ Kd6 46. b7 f3
47. Kg1 Kc7 48. Ra8 Kxb7 49. Re8 Re2 50. Re6 h5 51. a6+ Ka7 52. h4 Kb8 53. Re7
Ka8 54. a7 Re1+ 55. Kh2 e3 56. Rxe3 Ra1 57. Rxf3 Kxa7 58. Rb3 Ra4 59. Kg3 Rg4+
60. Kh3 Ka6 61. f3 Rg1 62. Rb8 Ka7 63. Rb5 Ka6 64. Rxh5 Kb6 65. Rd5 Kc6 66. Rd2
Rf1 67. Kg4 Rg1+ 68. Kf5 Rh1 69. f4 Rxh4 70. Ke5 Rh1 71. f5 Rf1 72. Ke6 Re1+
73. Kf7 1-0